Метрологическое обеспечение химических и фармацевтических производств: электронный курс

Bibliographic Details
Main Author: Пикула Н. П. Нина Павловна
Corporate Author: Национальный исследовательский Томский политехнический университет Инженерная школа природных ресурсов Отделение химической инженерии
Other Authors: Михеева Е. В. Елена Валентиновна
Summary:Заглавие с экрана
Основной целью курса является получение теоретических и практических знаний, умений и навыков в области метрологического обеспечения химических и фармацевтических производств. Курс предназначен для студентов первого курса основной образовательной программы подготовки магистров "Анализ и контроль в химических и фармацевтических производствах" направления подготовки 18.04.01 Химическая технология. В курсе раскрываются вопросы: правового и метрологического обеспечения предприятий, организаций и испытательных лабораторий; метрологическое обеспечение средств измерений, испытательного оборудования и стандартных образцов; аттестация и валидация процессов и оборудования; метрологические требования к методикам (методам) измерений; аттестация, валидация и верификация методик измерений; результаты измерений и показатели точности; организация внутреннего контроля качества результатов испытаний и измерений; требования к компетентности лабораторий. Особое внимание уделяется оценке показателей качества методов и результатов анализа характеристикам погрешности результатов измерений, оперативному контролю качества результатов анализа.
Доступ по логину и паролю
Language:Russian
Published: Томск, TPU Moodle, 2020
Subjects:
Online Access:https://design.lms.tpu.ru/course/view.php?id=3953
Format: Electronic Book
KOHA link:https://koha.lib.tpu.ru/cgi-bin/koha/opac-detail.pl?biblionumber=666802

MARC

LEADER 00000nlm0a2200000 4500
001 666802
005 20240215090259.0
035 |a (RuTPU)RU\TPU\network\38006 
035 |a RU\TPU\network\38000 
090 |a 666802 
100 |a 20220128d2020 m y0rusy50 ca 
101 0 |a rus 
102 |a RU 
105 |a a j 000zy 
135 |a jrcn ---uucaa 
181 0 |a i  
182 0 |a b 
200 1 |a Метрологическое обеспечение химических и фармацевтических производств  |e электронный курс  |f Н. П. Пикула, Е. В. Михеева  |g Национальный исследовательский Томский политехнический университет, Инженерная школа природных ресурсов, Отделение химической инженерии 
203 |a Текст  |c электронный 
210 |a Томск  |c TPU Moodle  |d 2020 
300 |a Заглавие с экрана 
330 |a Основной целью курса является получение теоретических и практических знаний, умений и навыков в области метрологического обеспечения химических и фармацевтических производств. Курс предназначен для студентов первого курса основной образовательной программы подготовки магистров "Анализ и контроль в химических и фармацевтических производствах" направления подготовки 18.04.01 Химическая технология. В курсе раскрываются вопросы: правового и метрологического обеспечения предприятий, организаций и испытательных лабораторий; метрологическое обеспечение средств измерений, испытательного оборудования и стандартных образцов; аттестация и валидация процессов и оборудования; метрологические требования к методикам (методам) измерений; аттестация, валидация и верификация методик измерений; результаты измерений и показатели точности; организация внутреннего контроля качества результатов испытаний и измерений; требования к компетентности лабораторий. Особое внимание уделяется оценке показателей качества методов и результатов анализа характеристикам погрешности результатов измерений, оперативному контролю качества результатов анализа. 
333 |a Доступ по логину и паролю 
606 1 |a Химические производства  |x Управление  |2 stltpush  |3 (RuTPU)RU\TPU\subj\31012  |9 53993 
606 1 |a Фармацевтическая промышленность  |2 stltpush  |3 (RuTPU)RU\TPU\subj\31885  |9 54619 
610 1 |a электронный ресурс 
610 1 |a труды учёных ТПУ 
610 1 |a электронное обучение 
610 1 |a электронные курсы ТПУ 
610 1 |a электронные учебные пособия 
610 1 |a электронные образовательные ресурсы 
610 1 |a Moodle 
610 1 |a e-learning 
610 1 |a заочное обучение 
610 1 |a дистанционное обучение 
610 1 |a дистанционное образование 
610 1 |a правовое обеспечение 
610 1 |a метрологическое обеспечение 
610 1 |a правовые основы 
610 1 |a законы 
610 1 |a лекарственные средства 
610 1 |a средства измерений 
610 1 |a испытательное оборудование 
610 1 |a стандартные образцы 
610 1 |a аттестация 
610 1 |a валидация 
610 1 |a методики 
610 1 |a измерения 
610 1 |a контроль качества 
610 1 |a компетенции 
675 |a 661.12(075.8)  |v 3 
675 |a 66.012-52(075.8)  |v 3 
700 1 |a Пикула  |b Н. П.  |c химик  |c доцент Томского политехнического университета, кандидат химических наук  |f 1949-  |g Нина Павловна  |3 (RuTPU)RU\TPU\pers\25622  |9 11551 
701 1 |a Михеева  |b Е. В.  |c химик  |c доцент Томского политехнического университета, кандидат химических наук  |f 1973-  |g Елена Валентиновна  |3 (RuTPU)RU\TPU\pers\27493  |9 12747 
712 0 2 |a Национальный исследовательский Томский политехнический университет  |b Инженерная школа природных ресурсов  |b Отделение химической инженерии  |3 (RuTPU)RU\TPU\col\23513 
801 2 |a RU  |b 63413507  |c 20220713  |g RCR 
856 4 |u https://design.lms.tpu.ru/course/view.php?id=3953 
942 |c CF